|
|
|
|
| LEADER |
00819cam a2200229 a 4500 |
| 001 |
0000082675 |
| 005 |
20070110090000.0 |
| 040 |
|
|
|a mod
|
| 041 |
|
|
|a eng
|
| 020 |
0 |
0 |
|a 0521818524
|
| 090 |
0 |
0 |
|a 341.69
|b DOR
|e 2003
|
| 100 |
1 |
0 |
|a Dormann
|h Knut
|
| 245 |
1 |
0 |
|a Elements of war crimes under the Rome Statute of the International Criminal Court
|b sources and commentary
|c Knut Dormann ; with contributions by Louise Doswald-Beck and Robert Kolb
|
| 260 |
0 |
0 |
|a Cambridge
|b Cambridge University Press
|c 2003
|
| 300 |
0 |
0 |
|a lx, 524 p.
|c 24 cm
|
| 500 |
0 |
0 |
|a Includes bibliographical references and index
|
| 650 |
0 |
0 |
|a International criminal courts
|
| 650 |
0 |
0 |
|a War crimes
|
| 700 |
1 |
1 |
|a Doswald-Beck
|h Louise
|
| 700 |
1 |
1 |
|a Kolb
|h Robert
|
| 852 |
0 |
0 |
|a 01
|
| 999 |
|
|
|a 0248280
|b KEMENTAH
|d BOOKS
|e Rujukan
|f Perpustakaan KEMENTAH
|j AVAILABLE
|q GOOD CONDITION
|